Economía Política (Registro nro. 4441)

Detalles MARC
000 -LEADER
fixed length control field 01206 a2200229 4500
001 - CONTROL NUMBER
control field 47678
005 - DATE AND TIME OF LATEST TRANSACTION
control field 20260407155743.0
008 - FIXED-LENGTH DATA ELEMENTS--GENERAL INFORMATION
fixed length control field 260407a1971 arg spa d
003 - CONTROL NUMBER IDENTIFIER
control field AR-UNSa-BCEJYS
040 ## - CATALOGING SOURCE
Original cataloging agency AR-UNSa-BCEJYS
Language of cataloging spa
Transcribing agency AR-UNSa-BCEJYS
080 ## - UNIVERSAL DECIMAL CLASSIFICATION NUMBER
Universal Decimal Classification number 338.2
Common auxiliary subdivision Política económica. Control de la economía. Gestión de la economía. Planificación económica
100 1# - MAIN ENTRY--PERSONAL NAME
Personal name Abt, Diana
245 10 - TITLE STATEMENT
Title Economía Política
Name of part/section of a work un análisis marxista
264 #1 - PRODUCTION, PUBLICATION, DISTRIBUTION, MANUFACTURE, AND COPYRIGHT NOTICE
Place of production, publication, distribution, manufacture Buenos Aires :
Name of producer, publisher, distributor, manufacturer Amorrortu Editores
Date of production, publication, distribution, manufacture, or copyright notice 1971
300 ## - PHYSICAL DESCRIPTION
Extent 313 p.
Dimensions 20 cm.
505 ## - FORMATTED CONTENTS NOTE
Formatted contents note 1. El capitalismo - 2. La producción de mercancías - 3. Los orígenes del capitalismo - 4. La esencia de la explotación capitalista - 5. El capital y la acumulación - 6. La distribución de la plusvalía - 7. La renta y el capitalismo en la agricultura - 8. Reproducción del capital y crisis - 9. El imperialismo y el capital financiero - 10. Producto nacional y su distribución - 11. El socialismo y el futuro del hombre.
590 ## - LOCAL NOTE (RLIN)
Local note niveau_biblio:m niveau_hierar:0
700 1# - ADDED ENTRY--PERSONAL NAME
Personal name Eaton, John
700 1# - ADDED ENTRY--PERSONAL NAME
Personal name Todesca, Jorge
856 41 - ELECTRONIC LOCATION AND ACCESS
Uniform Resource Identifier <a href="https://biblioeco.unsa.edu.ar/pmb/images/libros/L127644.jpg">https://biblioeco.unsa.edu.ar/pmb/images/libros/L127644.jpg</a>
Link text Imagen de portada
Electronic format type image/jpeg
942 ## - ADDED ENTRY ELEMENTS (KOHA)
Koha item type
Existencias
Withdrawn status Lost status Damaged status Not for loan Home library Current library Shelving location Date acquired Total checkouts Full call number Barcode Date last seen Price effective from Koha item type
        Biblioteca Prof. Eusebio Cleto del Rey Biblioteca Prof. Eusebio Cleto del Rey   07/04/2026   338.2 E14 L127644 07/04/2026 07/04/2026 Libro
        Biblioteca Prof. Eusebio Cleto del Rey Biblioteca Prof. Eusebio Cleto del Rey   07/04/2026   338.2 E14 L23193 07/04/2026 07/04/2026 Libro